Tratado teórico práctico de derecho usual y práctica forense. /
Guardado en:
| Autor Principal: | |
|---|---|
| Formato: | Libro |
| Publicado: |
Bahía Blanca :
Panzini,
1947
|
| Materias: | |
| Etiquetas: |
Agregar Etiqueta
Sin Etiquetas, Sea el primero en etiquetar este registro!
|
| LEADER | 00485nam a22001575a 4500 | ||
|---|---|---|---|
| 001 | CEM.cems004610 | ||
| 008 | 130507s1947##################000#0#####d | ||
| 005 | 20241217132155.0 | ||
| 245 | 1 | 0 | |a Tratado teórico práctico de derecho usual y práctica forense. / |
| 260 | |a Bahía Blanca : |b Panzini, |c 1947 | ||
| 300 | |a 351 p. | ||
| 100 | 1 | |a Márquez Garabano, Luis D. | |
| 082 | 0 | 4 | |a 346 |
| 653 | |a Derecho civil | ||
| 653 | |a Derecho usual | ||
| 859 | |a CEMS |b BIB. CEMS - 11 de abril |h 346 |i M348 |p 1072.73 |t Ej.1 | ||
